1649 1957 1439 1542 1133 1873 1259 1493 1309 1024 1142 1440 1353 1596 1623 1529 1131 1656 1147 1156 1031 1200 1313 1590 1266 1544 1332 1765 1485 1239 1979 1379 1253 1680 1233 1681 1865 1557 1574 1800 1760 1249 1328 1777 1376 1922 1784 1464 1336 1436 1980 1835 1999 1022 1537 1413 1167 1389 1677 1309 1181 1407 1531 1001 1014 1436 1555 1839 1661 1125 1684 1495 1200 1346 1050 1930 1886 1196 1208 1284 1635 1216 1991 1743 1917 1851 1406 1452 1230 1483 1454 1513 1751 1757 1907 1180 1762 1732 1453 BCNSPRNW ULIB Ver.6.0+V

เปลี่ยนเป็นภาษาไทย

Change to English
 แสดงรายละเอียดบรรณานุกรม
  กลับหน้าหลัก

Brief Record : Get Marc (ISO 2709) : E-mail record : QR code < ปิดหน้าต่าง
LEADER : 00000nam 2200000uu 4500
001    13399120631
003     ULIB
008    121001s2550||||th 000 0 tha d
020    ^a9789747488968(ล.1)
050 04 ^aAC159^bภ375ค ล.1
100 0  ^aภัทราพร สังข์พวงทอง
245 10 ^aความรู้นอกกะลา 1 (ป.ปลา) /^cภัทราพร สังข์พวงทอง
250    ^aพิมพ์ครั้งที่ 1
260    ^aกรุงเทพฯ :^bพิมพ์บูรพา,^c2550
300    ^a[126] หน้า :^bภาพประกอบ
650  7 ^aความรู้ทั่วไป
650  7 ^aปลา
945    ^p200^l0^i14911
995    ^aทศพร
999    ^aทศพร เกษรทอง
รายการนี้ยังไม่มีแท็ก
คุณยังไม่ได้ล็อกอิน คุณสามารถมีกิจกรรมร่วมกับเว็บไซต์ได้ แต่ต้องล็อกอินก่อน ::
  ล็อกอิน

รายการสื่อสารสนเทศ

ลำดับที่ ประเภท เลขเรียก/บาร์โค้ด สถานที่ สถานะ
1. วิทยาศาสตร์การแพทย์ และสุขภาพ
วิทยาศาสตร์การแพทย์ และสุขภาพ
AC159 ภ375ค ล.1  
  Barcode: 14911
ห้องสมุดวิทยาเขตสวรรค์ประชารักษ์
►หนังสือทั่วไป
บนชั้น

รายการใกล้เคียง
    ผู้แต่ง [ภัทราพร สังข์พวงทอง]

    หัวเรื่อง [ความรู้ทั่วไป]
    หัวเรื่อง [ปลา]

BibComment


ยังไม่เคยถูกคอมเมนท์

คอมเมนท์ทรัพยากรรายการนี้
  คอมเมนท์: ความรู้นอกกะลา 1..


 Copyright 2026. Bcnsprnw @Library